El Parque Nacional de la Montaña de Covadonga / (Record no. 188484)

MARC details
000 -LEADER
campo de control de longitud fija 00868nam a2200241 i 4500
001 - NÚMERO DE CONTROL
campo de control 188484
003 - IDENTIFICADOR DE NÚMERO DE CONTROL
campo de control SpMaBN
005 - FECHA Y HORA DE LA ÚLTIMA TRANSACCIÓN
campo de control 20231222205833.0
008 - DATOS DE LONGITUD FIJA--INFORMACIÓN GENERAL
campo de control de longitud fija 181127s1984 sp bo |||| | spa d
020 ## - NÚMERO INTERNACIONAL ESTÁNDAR DEL LIBRO
Número Internacional Estándar del Libro 84-398-0904-2
080 ## - NÚMERO DE LA CLASIFICACIÓN DECIMAL UNIVERSAL
Número de la Clasificación Decimal Universal 502.4(460.12 Covadonga)
100 1# - ENTRADA PRINCIPAL--NOMBRE DE PERSONA
Nombre de persona Enríquez de Salamanca, Cayetano.
9 (RLIN) 47285
245 13 - MENCIÓN DEL TÍTULO
Título El Parque Nacional de la Montaña de Covadonga /
Mención de responsabilidad, etc. Cayetano Enríquez de Salamanca ; fotografías del autor.
260 ## - PUBLICACIÓN, DISTRIBUCIÓN, ETC.
Lugar de publicación, distribución, etc. Las Rozas de Madrid :
Nombre del editor, distribuidor, etc. C. Enríquez de Salamanca,
Fecha de publicación, distribución, etc. 1984.
300 ## - DESCRIPCIÓN FÍSICA
Extensión 160 p. :
Otras características físicas mapas, fot. ;
Dimensiones 18 cm.
490 1# - MENCIÓN DE SERIE
Mención de serie Pyrenaica ;
Designación de volumen o secuencia 7
504 ## - NOTA DE BIBLIOGRAFÍA, ETC.
Nota de bibliografía, etc. Bibliografía: p. 159.
651 #7 - PUNTO DE ACCESO ADICIONAL DE MATERIA--NOMBRE GEOGRÁFICO
Nombre geográfico Parque Nacional de la Montaña de Covadonga.
9 (RLIN) 165632
830 0# - PUNTO DE ACCESO ADICIONAL DE SERIE-TÍTULO UNIFORME
Título uniforme Pyrenaica ;
Designación de volumen o secuencia 7
9 (RLIN) 225703
852 ## - LOCALIZACIÓN
Ubicación ES-MaACL
Número de control de estantería A-14285
itemnumber 195614
Sublocalización o colección R.152256
Ubicación en estantería Depósito 1
Signatura antigua Olim: N-7285
942 ## - ELEMENTOS DE ENTRADA SECUNDARIOS (KOHA)
Fuente del sistema de clasificación o colocación Clasificación decimal universal
Tipo de ítem Koha Libro impreso
Holdings
Estatus retirado Estado de pérdida Fuente del sistema de clasificación o colocación Estado de daño No para préstamo Biblioteca de origen Biblioteca actual Ubicación en estantería Fecha de adquisición Fuente de adquisición Total de préstamos Signatura topográfica completa Código de barras Visto por última vez Precio de reemplazo Tipo de ítem Koha
    Clasificación decimal universal     Biblioteca del Ateneo de Madrid Biblioteca del Ateneo de Madrid Depósito 1 27/11/2018 Donación   A-14285 1199390 23/02/2023 23/02/2023 Libro impreso